| 000 | 00573nam a2200229Ia 4500 | ||
|---|---|---|---|
| 003 | OSt | ||
| 005 | 20230508150100.0 | ||
| 008 | 210423s2012 xx 000 0 und d | ||
| 020 | _a9780521531412 | ||
| 040 | _cAL | ||
| 041 | _aeng | ||
| 082 |
_a523.1 NARJ _223 |
||
| 100 |
_aNARLIKAR (Jayant V). _999928 |
||
| 245 | _aIntroduction to cosmology. | ||
| 250 | _a3 | ||
| 260 |
_aNew Delhi _bCambridge University Press _c2012 |
||
| 300 |
_axvii,541 _bPB |
||
| 365 |
_b595 _cINR |
||
| 650 |
_aAstronomy _999929 |
||
| 906 | _acosmology. ; Introduction | ||
| 942 |
_2ddc _cBK |
||
| 999 |
_c162474 _d162474 |
||